Georgia-visa - Statistics

Yleistilastot
  • Tätä visaa on pelattu 311 kertaa
  • Keskiarvotulos 11 / 20
Vastaustilastot
Vihje Vastaus % Oikein
Naapurimaat Venäjä
97%
Naapurimaat Armenia
96%
Naapurimaat Azerbaidžan
95%
Naapurimaat Turkki
93%
Meri, jonka rannalla Georgia sijaitsee Mustameri
92%
Pääkaupunki Tbilisi
90%
Georgian lipussa on viisi... Ristiä
77%
Vuoristo maan pohjoisosassa Kaukasus
76%
Urheilulaji, jossa Georgia on voittanut noin puolet olympiamitaleistaan Paini
70%
Georgiassa vuonna 1878 nimellä Ioseb Besarionis dze Džughašvili syntynyt henkilö Josif Stalin
63%
Kaksi kiisteltyä itsenäiseksi julistautunutta aluetta Etelä-{Ossetia}
59%
Kaksi kiisteltyä itsenäiseksi julistautunutta aluetta Abhasia
33%
Lainsäädännöllinen pääkaupunki Kutaisi
23%
Valuutta Lari
23%
Vuoden 2003 vallankumous {Ruusu}vallankumous
21%
Suurin georgialainen kaupunki yllä olevan rannalla Batumi
20%
Nykyisen Georgian alueella sijaitseva historiallinen alue, joka oli yksi ensimmäisistä kristinuskon virallisesti uskonnokseen ottaneista valtioista Iberia
8%
Toinen suuri historiallinen valtio ja alue Georgian länsiosassa Kolkhis
8%
Georgian korkein vuori Škhara
7%
Autonominen alue Georgian lounaisosassa Adžaria
6%
Ehtoja vastaavia visoja ei löytynyt
Tulosjakauma
Jokaisen tuloksen saaneiden osuus
Persentiili vastausten määrän mukaan
Tuloshistoriasi
Et ole pelannut tätä visaa